00701nam a2200217Ia 4500003000900000008004100009020001800050040001600068080001300084100002500097245004700122260006100169300001000230490006800240650002700308650001700335650001700352942000700369999001700376952009000393IN-BaIIA211028s9999 xx 000 0 eng d a81-900989-0-X cIIA Library a533bMOH aMohanty, B. C925898 0aPlanetary electrodynamics-IcB. C. Mohanty aBhubaneswarbSamanta Chandra Sekhar Smruti Parisadc1998 a126p. aDynamics of universe interplay of matter space and charge; v. 1 aCelestial bodies93576 aGeomagnetism aSolar system cBK c14560d14560 00104070aBANbBANcGENd2002-04-11l0o533/ MOHp15482r2021-11-05w2002-04-11yBK